Implication of global warming on air-conditioned office buildings in Australia (Record no. 106937)

MARC details
000 -LEADER
fixed length control field 00940cam a22002175a 4500
001 - CONTROL NUMBER
control field L137925
008 - FIXED-LENGTH DATA ELEMENTS--GENERAL INFORMATION
fixed length control field 070508s2005 xxk f 100 0 eng d
035 ## - SYSTEM CONTROL NUMBER
System control number (Sirsi) u137925
041 0# - LANGUAGE CODE
Language code of text/sound track or separate title eng
100 1# - MAIN ENTRY--PERSONAL NAME
Personal name Guan, L.
245 00 - TITLE STATEMENT
Title Implication of global warming on air-conditioned office buildings in Australia
Medium [electronic resource]
260 ## - PUBLICATION, DISTRIBUTION, ETC.
Date of publication, distribution, etc. 2005
490 #0 - SERIES STATEMENT
Series statement COBRA
Volume/sequential designation 2005
520 ## - SUMMARY, ETC.
Summary, etc. Discusses how the increased cooling loads imposed by potential global warming and probable indoor temperature increases due to possible undersized air-conditioning systems.
651 #4 - SUBJECT ADDED ENTRY--GEOGRAPHIC NAME
Geographic name AUSTRALIA
690 ## - LOCAL SUBJECT ADDED ENTRY--TOPICAL TERM (OCLC, RLIN)
Topical term or geographic name as entry element BUILT ENVIRONMENT-BUILDING ELEMENTS-COMPLETE BUILDING SERVICES ELEMENTS-COMPLETE HEATING, VENTILATION AND AIR CONDITIONING SYSTEMS
700 1# - ADDED ENTRY--PERSONAL NAME
Personal name Yang, J.
700 1# - ADDED ENTRY--PERSONAL NAME
Personal name Bell, J.M.
856 40 - ELECTRONIC LOCATION AND ACCESS
Uniform Resource Identifier <a href="https://www.rics.org/site/scripts/download_info.aspx?downloadID=1735">https://www.rics.org/site/scripts/download_info.aspx?downloadID=1735</a>
Public note View the item free of charge at www.rics.org...
942 ## - ADDED ENTRY ELEMENTS (KOHA)
Suppress in OPAC 0
Holdings
Withdrawn status Lost status Source of classification or shelving scheme Damaged status Not for loan Home library Current library Shelving location Date acquired Total Checkouts Full call number Barcode Date last seen Copy number Price effective from Koha item type
    Dewey Decimal Classification     Virtual Virtual Online 08/05/2007   ONLINE PUBLICATION 137925-2001 06/08/2019 1 06/08/2019 Book